The Indian Penal Code/ (Record no. 200260)
[ view plain ]
| 000 -LEADER | |
|---|---|
| fixed length control field | 00698nam a22002297a 4500 |
| 005 - DATE AND TIME OF LATEST TRANSACTION | |
| control field | 20240806160047.0 |
| 010 ## - LCCN (DPL NO) | |
| LC control number | ENG-138946 ENG-141251 |
| 020 ## - INTERNATIONAL STANDARD BOOK NUMBER | |
| Terms of availability | 3495.00(set of 2) |
| International Standard Book Number | 9789386515704 |
| 035 ## - SYSTEM CONTROL NUMBER | |
| System control number | EN-122478 |
| 035 ## - SYSTEM CONTROL NUMBER | |
| System control number | EN-124783 |
| 037 ## - SOURCE OF ACQUISITION | |
| Source of stock number/acquisition | DBAD |
| 082 ## - DEWEY DECIMAL CLASSIFICATION NUMBER | |
| Classification number | 343.54 |
| 100 ## - MAIN ENTRY--PERSONAL NAME | |
| Personal name | Ratanlal |
| 245 ## - TITLE STATEMENT | |
| Title | The Indian Penal Code/ |
| Remainder of title | By Ratan Lal and Dheerajl al |
| 250 ## - EDITION STATEMENT | |
| Edition statement | 34 |
| 260 ## - PUBLICATION, DISTRIBUTION, ETC. (IMPRINT) | |
| Place of publication, distribution, etc | Gurgaon |
| Name of publisher, distributor, etc | Lexis Nexis |
| Date of publication, distribution, etc | 2018 |
| 270 ## - ADDRESS | |
| City | Gurgaon |
| Address | 14th floor, BUILDING No 10, Tower-B DLF Cyber City, Phase-II , Gurgaon |
| Postal code | 122002 |
| 300 ## - PHYSICAL DESCRIPTION | |
| Extent | 3046 p. |
| Dimensions | 25cm(pbk) |
| 300 ## - PHYSICAL DESCRIPTION | |
| Extent | 1499p.,111p. |
| Dimensions | 25cm(pbk) |
| 490 ## - SERIES STATEMENT | |
| Volume number/sequential designation | Vol 1, Vol 2 |
| 942 ## - ADDED ENTRY ELEMENTS (KOHA) | |
| Source of classification or shelving scheme | Dewey Decimal Classification |
| Item type | English Books |
| Classification part | 343.54 |
| Call number suffix | RAT |
| Withdrawn status | Lost status | Materials specified (bound volume or other part) | Not for loan | Collection code | Home library | Current library | Date acquired | Source of acquisition | Cost, normal purchase price | Full call number | Barcode | Copy number | Cost, replacement price | Koha item type |
|---|---|---|---|---|---|---|---|---|---|---|---|---|---|---|
| VOL 2 | Not For Loan | Non-fiction | Ashok Vihar | Ashok Vihar | 19/01/2024 | DBAD | 3495.00 | 343.54 RAT | EN-122478 | 1 | 1747.50 | English Books | ||
| VOL-1 | Non-fiction | Ashok Vihar | Ashok Vihar | 06/08/2024 | Delivery of Books Act Division | 1747.50 | 343.54 RAT | EN-124783 | 1 | 1747.50 | English Books |
